<?xml version="1.0" encoding="UTF-8"?>
<marc:record xmlns:marc="http://www.loc.gov/MARC21/slim">
   <marc:leader>00000nam a2200000 a 4500</marc:leader>
   <marc:datafield ind1="0" ind2="0" tag="245">
      <marc:subfield code="a">Die Piraten  [Bildtonträger]</marc:subfield>
   </marc:datafield>
   <marc:datafield ind1="0" ind2="0" tag="245">
      <marc:subfield code="b">; ein Haufen merkwürdiger Typen</marc:subfield>
   </marc:datafield>
   <marc:datafield ind1=" " ind2="1" tag="264">
      <marc:subfield code="b">Sony Pictures Home Entertainment</marc:subfield>
      <marc:subfield code="c">2012</marc:subfield>
   </marc:datafield>
   <marc:datafield ind1="1" ind2=" " tag="520">
      <marc:subfield code="a">Ein exaltierter, übermotivierter Piratenkapitän macht seinem Ruf als Bad Boy der Weltmeere so gar nicht alle Ehre. Dabei ist er sehr daran interessiert, den Preis für den "Piraten des Jahres" zu gewinnen. Dafür müssen er und seine Verbündeten es aber zunächst mit den Konkurrenten Black Bellamy und Cutless Liz aufnehmen, auch wenn das bedeutet, die sicheren Gewässer zu verlassen und festen Boden auf Londons düsteren Straßen zu betreten. Zu allem Übel werden sie auch noch von einer teuflischen Königin bekämpft.</marc:subfield>
   </marc:datafield>
   <marc:datafield ind1="3" ind2=" " tag="024">
      <marc:subfield code="a">4030521726932</marc:subfield>
   </marc:datafield>
</marc:record>
